Entry Personal Name
Number of records used in: 3
001 - CONTROL NUMBER
003 - CONTROL NUMBER IDENTIFIER
005 - DATE AND TIME OF LATEST TRANSACTION
- control field:
20200114114625.0
008 - FIXED-LENGTH DATA ELEMENTS
- fixed length control field:
821026n| acannaab| |n aaa |||
010 ## - LIBRARY OF CONGRESS CONTROL NUMBER
- LC control number:
n 82145140
040 ## - CATALOGING SOURCE
- Original cataloging agency:
DLC
- Transcribing agency:
DLC
100 10 - HEADING--PERSONAL NAME
- Personal name:
Shenoy, G. V.
670 ## - SOURCE DATA FOUND
- Source citation:
Srivastava, U.K. Quantitative techniques for management decision making, 1983 (a.e.)
- Information found:
CIP t.p. (G. V. Shenoy, Reader, B.K. School of Management, Gujarat Univ.)